ڈ و بتی نسليں(ا فسا نو ی مجمو عہ) (Record no. 182361)

MARC details
000 -LEADER
fixed length control field 00604nam a22001937a 4500
005 - DATE AND TIME OF LATEST TRANSACTION
control field 20211111114000.0
010 ## - LCCN (DPL NO)
LC control number UR-11321
020 ## - INTERNATIONAL STANDARD BOOK NUMBER
Terms of availability 300.00
International Standard Book Number 9789390789177
035 ## - SYSTEM CONTROL NUMBER
System control number U-9876
037 ## - SOURCE OF ACQUISITION
Source of stock number/acquisition DBAD/PUB
082 ## - DEWEY DECIMAL CLASSIFICATION NUMBER
Classification number ک
100 ## - MAIN ENTRY--PERSONAL NAME
Personal name ر ينو بہل
245 ## - TITLE STATEMENT
Title ڈ و بتی نسليں(ا فسا نو ی مجمو عہ)
Statement of responsibility, etc ر ينو بہل
246 ## - VARYING FORM OF TITLE
Title proper/short title Dubtee Naslein (Urdu)
Remainder of title by Renu Behl
260 ## - PUBLICATION, DISTRIBUTION, ETC. (IMPRINT)
Place of publication, distribution, etc N.Delhi
Date of publication, distribution, etc 2021ء
Name of publisher, distributor, etc Educational Publishing House
270 ## - ADDRESS
Address D1/16,Ansari Road,Darya Ganj,
City New Delhi
Postal code 110002
Fax number -
300 ## - PHYSICAL DESCRIPTION
Extent 232 ص
Dimensions 22 Cm(Hb)
942 ## - ADDED ENTRY ELEMENTS (KOHA)
Source of classification or shelving scheme Dewey Decimal Classification
Item type Urdu Bks
Classification part ک
Call number suffix رے ن
Holdings
Withdrawn status Lost status Not for loan Collection code Home library Current library Date acquired Source of acquisition Cost, normal purchase price Full call number Barcode Copy number Cost, replacement price Koha item type
    Not For Loan Fiction D.B.Act.Division Central Library 11/11/2021 DBAD/PUB 300.00 ک رے ن U-9876 1 300.00 Urdu Bks

© Delhi Public Library
Hit Counter
free hit counter